LEADER 01144nam0 22002893i 450 001 SUN0104070 005 20151216014352.516 010 $a978-20-903804-1-5$d0.00 100 $a20151204d2012 |0frec50 ba 101 $afre 102 $aFR 105 $a|||| ||||| 200 1 $a*Affaires.com$eniveau avancé$eLivre de l'élève$fJean-Luc Penfornis 205 $a2. ed 210 $aParis$cCLE international$d2012 215 $a144 p.$cill.$d29 cm$e1 DVD Rom. 606 $aLingua francese$xManuali per stranieri$2EC$3SUNC031440 620 $dParis$3SUNL000046 676 $a448.2$cLingua francese - Approccio strutturale all'espressione$v21 700 1$aPenfornis$b, Jean-Luc$3SUNV081117$0132850 712 $aCLE international$3SUNV002484$4650 801 $aIT$bSOL$c20181109$gRICA 912 $aSUN0104070 950 $aUFFICIO DI BIBLIOTECA DEL DIPARTIMENTO DI ECONOMIA$d03 CONS FRA7 $e03 BDE295 995 $aUFFICIO DI BIBLIOTECA DEL DIPARTIMENTO DI ECONOMIA$bIT-CE0106$gBDE$h295$kCONS FRA7$op$qa 996 $aAffaires.com$91023105 997 $aUNICAMPANIA LEADER 01278cam0-22003731i-450 001 990001636880403321 005 20250922155621.0 035 $a000163688 035 $aFED01000163688 035 $a(Aleph)000163688FED01 100 $a20030910d1900----km-y0itay50------ba 101 0 $afre 102 $aIT 105 $af-------001yy 200 1 $aHistoire, geographie, statistique du tabac$eson introduction et son expansion dans tous les pays depuis son origine jusqu'à la fin du XIX.me siècle, avec des notes sur l'usage de tous les excitants connus: hachîch, opium, bétel, café, thé, etc$fpar le Dr. Prof. O. Comes 210 $aNaples$cTypographie coopérative$d1900 215 $a328 p., 5 tav.$d32 cm 610 0 $aTabacco 610 0 $aProdotti e Colture$aTabacco 676 $a583.79 676 $a047.007 676 $a633.71 700 1$aComes,$bOrazio$f<1848-1917>$069925 801 0$aIT$bUNINA$gRICA$2UNIMARC 901 $aBK 912 $a990001636880403321 952 $a047.007.COM$bs.i.$fDECGE 952 $a60 MISC. A 41/10$fFAGBC 952 $a60 583.79 A 3$b7995$fFAGBC 952 $aA MUSA 987$b03/4228/25$fv FAGBC 959 $aFAGBC 959 $aDECGE 996 $aHistoire, geographie, statistique du tabac$9367550 997 $aUNINA